000 00634nam a2200241Ia 4500
001 17281
005 20240113235754.0
007 ta
008 051229s a g b000 u asm u
040 _aCotton College,Assam
041 _aasm
082 _a891.4141
_bB 165 D
100 _aBaishya, Tarini Charan .
245 0 _aDuranir Ting /
_cTarini Charan Baishya.
_hTextual Documents
250 _a1st ed. /
260 _aTezpur :
_bDhirendra Ch. Barua ,
_cnd.
300 _a88p. :
_bill ;
_c17cm .
653 _aAssamese Novel
653 _aG-Assamese
942 _2ddc
_cBK
999 _c17263
_d17263